Fourteen Holy Helpers Quiz Stats

 Plays Quiz not verified by Sporcle

Also try: Bible Pairs
Challenge
Share
Tweet
Embed
Score 0/14 Timer 10:00
0 Plays Today
Feast Day Saint % Correct
25 NovemberCatherine of Alexandria
61.5%
3 FebruaryBlaise
38.5%
25 JulyChristopher
38.5%
1 SeptemberGiles
38.5%
4 DecemberBarbara
30.8%
2 JuneErasmus
30.8%
20 SeptemberEustace
30.8%
Feast Day Saint % Correct
23 AprilGeorge
30.8%
9 OctoberDenis
23.1%
20 JulyMargaret of Antioch
23.1%
15 JuneVitus
23.1%
8 MayAgathius
7.7%
8 AugustCyriacus
7.7%
27 JulyPantaleon
7.7%

You're not logged in!

Compare scores with friends on all Sporcle quizzes.
Join for Free
OR
Log In

You Might Also Like...

Show Comments

Extras

Top Quizzes Today


Score Distribution

Your Account Isn't Verified!

In order to create a playlist on Sporcle, you need to verify the email address you used during registration. Go to your Sporcle Settings to finish the process.

Report this User

Report this user for behavior that violates our Community Guidelines.

Details: